00400nam a22001337a 450000500170000000800410001704100230005808200120008110000230009324500340011626000600015030000300021065000260024020240821141550.0240821b |||||||| |||| 00| 0 eng d aEnglish/Afrikaans  a349 UNI lEnglish/Afrikaans  aThe Union Statutes 1910-1947  aDurban: bButterworth and Company (Africa) Ltd, c1947  bxi, 1072 pages; c25 cm.  aLegal practice bLaw